000 00786nam a2200241Ia 4500
003 OSt
005 20220926015509.0
006 a|||||r|||| 00| 0
007 ta
008 220923b |||||||| |||| 00| 0 eng d
020 _a140399997x
_c1784.3299999999999
037 _b4611, 02/04/2012, RAJKIRAN BOOK AGENCY
_cGeneral Book
040 _aRTL
_cRTL
_beng
041 _2eng
_aeng
082 _aY9(X991), P7
100 _aKiely Ray
_9275700
245 0 _aNew political economy of development
_b Globalization, imperialism, hagemony
260 _aNew York
_bPalgrave Macmillan
_c2007
300 _aviii, 333p.
_ccm.
650 _aSociology
942 _hY9(X991), P7
_cGB
_2CC
999 _c631766
_d631766